000 00614nam a2200217Ia 4500
003 GCL
008 140319s9999 xx 000 0 ara d
040 _aGCL /
_cGCL
082 0 4 _a370.71
_bب ا
100 1 _aتينا جروس
245 1 0 _aاسس التعليم فى الطفولة المبكرة /
_cتينا جروس
260 _a[S.N] :
_bدار الشروق ،
_c1992
300 _a179 ص
490 _a
650 0 4 _aالتعليم
650 0 4 _aالاطفال
650 0 4 _aتعليم الاطفال
650 0 4 _aاساسيات التعليم
650 0 4 _aالمدرسون
942 _2ddc
_cBK
999 _c46727
_d46727